000 00902nam a22002297a 4500
005 20160316152254.0
008 131118b2010 ck ||||| |||| 00| 0 spa d
020 _a9789588343266
040 _aCO-BoIAVH
_cCO-BoIAVH
041 _aspa
044 _ack
082 _a581.98
_bR43r
245 _aRestauración ecológica :
_buna experiencia de capacitación en el Páramo de Chiles
260 _aBogotá
_bInstituto de Investigación de Recursos Biológicos Alexander von Humboldt
_bCorporación Autónoma de Nariño Corponariño
_c2010
300 _a34 p.
_bil., fogografías (col)
_c19 cm.
500 _aCartilla divulgativa Proyecto Páramo Andino
650 _aRestauración ecológica
_xcapacitación
650 _aBotánica
_zColombia
650 _aBiodiversidad
_zColombia
662 _aColombia
_bNariño
_cChiles (Páramo)
_dMunicipio de Cumbal
942 _2ddc
_cImpreso
_02
999 _c7840
_d7840